00398nam a22001337a 450000500170000000800410001702000180005804000130007608200200008910000230010924500860013226000350021830000110025320191127104535.0191118b ||||| |||| 00| 0 eng d a9781138297326 cPK-LaUMT a621.3815bATT-C aAttia, John Okyere aCircuits and electronics :bhands-on learning with analog /cby John Okyere Attia aBoca Raton :bCRF Press,c2018 a187 p.